000 00974nam a2200289 i 4500
003 EG-GICUC
005 20260416141620.0
008 260416b1880 fr |||fr|||| 00| 0 fre d
040 _aEG-GiCUC
_bfre
_cEG-GiCUC
_dEG-GiCUC
_eRda
082 0 4 _221
_a343.5
_bFI . T
092 0 4 _221
099 _aLaw1 10 343.5 FI . T 1880
100 1 _aFiore, pasquale
_eAuteur
245 1 0 _aTraite droit penal internation :
_bEt de l'extrdition
_nDeuxieme partie /
_cPar Pasquale fiore, charles antoine.
264 1 _aParis :
_b A. durand et pedone- lauriel,
_c1880.
300 _a959 page ;
_c 24 cm.
336 _2rda contenu
_a texte
337 _2rda medias
_aOrdinateur
338 _2 transporteur rda
_a Ressource en ligne
546 _aTexte en français
650 1 _aDroit pénal international
_2qrmak
651 1 _2qrmak
700 1 _aAntoine, charles
_eAuteur
856 4 0 _uhttps://fll.law.cu.edu.eg/fulltext/bks/B10-08656.pdf
905 _a161
942 _2ddc
_cBK
_e21
_n0
999 _c71487
_d71487